Word Ladder: Eternal Shape Quiz Stats

 Plays Quiz Updated Apr 18, 2013

Support Sporcle.
Go Orange.
Score 0/24 Timer 02:00
0 Plays Today
Clue 4-Letter Word % Correct
School subject: numbers, shapes ...MATH
88.9%
The former Miss MiddletonKATE
87.4%
Partner; companionMATE
85.6%
Unaccompanied; solitaryLONE
85%
Quadrilateral shaped flying toyKITE
82.4%
Without the power of speechMUTE
82.3%
Cheryl or Nat 'King' COLE
82.3%
At a low temperatureCOLD
82%
3D tapering shapeCONE
81.3%
Central or innermost partCORE
81.3%
Trigonometric functionSINE
81.1%
Chiefly nocturnal insect MOTH
80.9%
Clue 4-Letter Word % Correct
Cage or pen for poultryCOOP
79.6%
Keep in one's graspHOLD
78.9%
Attractive or prettyCUTE
78.7%
Rank below Sgt.CORP.
78.5%
Continuous extent of lengthLINE
78.3%
Place or setting of somethingSITE
75.7%
Die shaped geometrical shapeCUBE
70.6%
A tiny piece of a substanceMOTE
70.4%
Never ending circular shape➽ LOOP
66.1%
1989 NASA satelliteCOBE
58.3%
Protective covering for the head and faceHOOD
42.9%
Never ending circular shapeHOOP ➽
39.2%

Today's Daily Dose

You're not logged in!

Compare scores with friends on all Sporcle quizzes.
OR
Log In

From the Vault

Athletes of the 1990s

by El_Dandy

So many great athletes of the 1990s. It's gotta be the shoes.
Remove Ads.
Support Sporcle.
Get the best of Sporcle when you Go Orange. This ad-free experience offers more features, more stats, and more fun while also helping to support Sporcle. Thank you for becoming a member.

Show Comments

Extras

Top Quizzes Today


Score Distribution

Your Account Isn't Verified!

In order to create a playlist on Sporcle, you need to verify the email address you used during registration. Go to your Sporcle Settings to finish the process.

Report this User

Report this user for behavior that violates our Community Guidelines.

Details: